Old vine in new bottles: agricultural protectionism in the EC.

Náhrada vývozu poľnohospodárskej produkcie z krajín ES má vyriešiť problém prebytkov, krízu rozpočtu a vážny problém príjmov v poľnohospodárskom sektore za súčasného zníženia cien a deformácií obchodu.

Salvato in:
Dettagli Bibliografici
Autore principale: Hartmann, M.
Natura: Capitolo di libro
Lingua:inglese
Soggetti:
Tags: Aggiungi Tag
Nessun Tag, puoi essere il primo ad aggiungerne!!

MARC

LEADER 00000naa a2200000 4500
001 r004653
005 20221130103339.5
041 0 |a eng 
044 |a DE 
245 1 0 |a Old vine in new bottles: agricultural protectionism in the EC.  |c M. Hartmann 
520 |a Náhrada vývozu poľnohospodárskej produkcie z krajín ES má vyriešiť problém prebytkov, krízu rozpočtu a vážny problém príjmov v poľnohospodárskom sektore za súčasného zníženia cien a deformácií obchodu. 
610 2 0 |a protekcionizmus 
610 2 0 |a výroba poľnohospodárska 
610 2 0 |a vývoz 
610 2 0 |a príjmy 
610 2 0 |a Európske spoločenstvá 
610 2 0 |a prebytky poľnohospodárske 
100 1 |a Hartmann, M.